[Event "Paris-ch 91st"]
[Site "Paris"]
[Date "2016.07.17"]
[Round "9"]
[White "Rabeyrin, Jean Jacques"]
[Black "Duquesne, Adrien"]
[Result "1/2-1/2"]
[WhiteElo "2239"]
[BlackElo "2241"]
[PlyCount "125"]
[EventDate "2016.07.09"]
[EventType "swiss"]
[EventRounds "9"]
[EventCountry "FRA"]
[SourceTitle "CBM 173 Extra"]
[Source "ChessBase"]
[SourceDate "2016.08.29"]
[SourceVersion "1"]
[SourceVersionDate "2016.08.29"]
[SourceQuality "1"]

1. e4 c5 2. Nf3 d6 3. d4 cxd4 4. Nxd4 Nf6 5. Nc3 a6 6. Bg5 e6 7. f4 h6 8. Bh4 Qb6 9. a3 Nbd7 10. Bf2 Qc7 11. Nb3 b5 12. Bd3 Bb7 13. Qe2 Rc8 14. 0-0 Be7 15. Bg3 0-0 16. e5 Nd5 17. Nxd5 Bxd5 18. Kh1 dxe5 19. fxe5 Bc4 20. Rf2 Bxd3 21. cxd3 Nc5 22. Nd2 Qd7 23. Rf3 Rcd8 24. Raf1 Nxd3 25. Ne4 Nc5 26. Nd6 Bxd6 27. exd6 Nb7 28. Rd1 Rc8 29. Be5 f6 30. Bc3 Rc6 31. Rfd3 Rd8 32. Bb4 Rdc8 33. h3 Rc1 34. Rxc1 Rxc1+ 35. Kh2 Rc6 36. Qd2 a5 37. Bxa5 Rxd6 38. Rxd6 Qxd6+ 39. Qxd6 Nxd6 40. b3 Kf7 41. Bb4 Ke7 42. a4 bxa4 43. bxa4 Kd7 44. Kg3 g6 45. Kf3 h5 46. Ke3 Kc6 47. Kd3 e5 48. a5 f5 49. Bc3 e4+ 50. Ke3 g5 51. Bb4 f4+ 52. Kd4 e3 53. Ke5 Kb5 54. Be1 Nc4+ 55. Kf5 Nb2 56. Kxg5 Nd3 57. Bh4 Kxa5 58. Kxh5 Kb5 59. Kg4 Kc4 60. Kf3 Kd5 61. Bd8 Ke5 62. Bc7+ Kf5 63. Bxf4 1/2-1/2

[Event "Paris-ch 91st"]
[Site "Paris"]
[Date "2016.07.12"]
[Round "4"]
[White "Konguvel, Ponnuswamy"]
[Black "Rabeyrin, Jean Jacques"]
[Result "1-0"]
[WhiteElo "2379"]
[BlackElo "2239"]
[PlyCount "55"]
[EventDate "2016.07.09"]
[EventType "swiss"]
[EventRounds "9"]
[EventCountry "FRA"]
[SourceTitle "CBM 173 Extra"]
[Source "ChessBase"]
[SourceDate "2016.08.29"]
[SourceVersion "1"]
[SourceVersionDate "2016.08.29"]
[SourceQuality "1"]

1. e4 c5 2. Nf3 d6 3. d4 cxd4 4. Nxd4 Nf6 5. Nc3 a6 6. Bc4 e6 7. Bb3 Nbd7 8. f4 Nc5 9. Qe2 Be7 10. 0-0 0-0 11. Kh1 Qc7 12. e5 Nfd7 13. exd6 Bxd6 14. f5 Ne5 15. f6 gxf6 16. Rxf6 Ng6 17. Rf3 b5 18. Bh6 Bb7 19. Rh3 b4 20. Na4 Ne4 21. Kg1 Rfe8 22. Rf1 Be5 23. Be3 Rad8 24. Qh5 Bxd4 25. Qxh7+ Kf8 26. Bxd4 Rxd4 27. Qxg6 Qe5 28. Qxf7# 1-0

[Event "Paris-ch op 90th"]
[Site "Paris"]
[Date "2015.07.11"]
[Round "8"]
[White "Rabeyrin, Jean Jacques"]
[Black "Picard, Romain"]
[Result "1-0"]
[WhiteElo "2219"]
[BlackElo "2350"]
[PlyCount "75"]
[EventDate "2015.07.04"]
[EventType "swiss"]
[EventRounds "9"]
[EventCountry "FRA"]
[SourceTitle "CBM 167 Extra"]
[Source "ChessBase"]
[SourceDate "2015.09.14"]
[SourceVersion "1"]
[SourceVersionDate "2015.09.14"]
[SourceQuality "1"]

1. e4 e5 2. Nf3 d6 3. d4 exd4 4. Nxd4 Nf6 5. Nc3 Be7 6. Bf4 0-0 7. Qd2 Nc6 8. 0-0-0 Nxd4 9. Qxd4 Be6 10. f3 a6 11. Kb1 b5 12. Qd2 c6 13. g4 b4 14. Ne2 d5 15. e5 Nd7 16. Nd4 c5 17. Nf5 Kh8 18. Rg1 c4 19. c3 Rb8 20. Nxe7 Qxe7 21. Bg5 Qc5 22. Be3 Qc7 23. f4 Nc5 24. Bxc5 Qxc5 25. Rg2 f5 26. g5 Qa5 27. Ka1 d4 28. Qc1 dxc3 29. bxc3 bxc3 30. Rc2 Rb3 31. Rd6 Rfb8 32. Rxe6 Rb2 33. Bxc4 Qb4 34. Bb3 Rxb3 35. axb3 Qa5+ 36. Ra2 Qd5 37. Rexa6 Qd4 38. Rc2 1-0

[Event "Paris-ch op 90th"]
[Site "Paris"]
[Date "2015.07.07"]
[Round "4"]
[White "Louis, Thibault"]
[Black "Rabeyrin, Jean Jacques"]
[Result "1/2-1/2"]
[WhiteElo "2250"]
[BlackElo "2219"]
[PlyCount "70"]
[EventDate "2015.07.04"]
[EventType "swiss"]
[EventRounds "9"]
[EventCountry "FRA"]
[SourceTitle "CBM 167 Extra"]
[Source "ChessBase"]
[SourceDate "2015.09.14"]
[SourceVersion "1"]
[SourceVersionDate "2015.09.14"]
[SourceQuality "1"]

1. e4 c5 2. Nf3 d6 3. Bb5+ Bd7 4. Bxd7+ Nxd7 5. 0-0 Ngf6 6. Re1 g6 7. c3 Bg7 8. d4 cxd4 9. cxd4 e5 10. Nc3 0-0 11. h3 Re8 12. Be3 a6 13. Qb3 b5 14. a4 Rb8 15. axb5 axb5 16. dxe5 Nxe5 17. Nxe5 Rxe5 18. Ra7 Qe8 19. Bd4 Re6 20. Qb4 Qc6 21. Qa5 Nxe4 22. Bxg7 Kxg7 23. Rc7 Qe8 24. Qa7 Ra8 25. Qd4+ Nf6 26. Rxe6 Qxe6 27. Nxb5 Kg8 28. Rc6 Qe1+ 29. Kh2 Ne4 30. Nxd6 Nd2 31. Nxf7 Nf1+ 32. Kg1 Ng3+ 33. Kh2 Nf1+ 34. Kg1 Ng3+ 35. Kh2 Nf1+ 1/2-1/2

[Event "Paris-ch op 90th"]
[Site "Paris"]
[Date "2015.07.05"]
[Round "2"]
[White "Eden, James"]
[Black "Rabeyrin, Jean Jacques"]
[Result "1-0"]
[WhiteElo "2272"]
[BlackElo "2219"]
[PlyCount "83"]
[EventDate "2015.07.04"]
[EventType "swiss"]
[EventRounds "9"]
[EventCountry "FRA"]
[SourceTitle "CBM 167 Extra"]
[Source "ChessBase"]
[SourceDate "2015.09.14"]
[SourceVersion "1"]
[SourceVersionDate "2015.09.14"]
[SourceQuality "1"]

1. e4 c5 2. c3 Nf6 3. e5 Nd5 4. d4 cxd4 5. Nf3 e6 6. cxd4 d6 7. Bc4 Be7 8. 0-0 0-0 9. Qe2 b6 10. Qe4 Bb7 11. Qg4 Kh8 12. Nbd2 dxe5 13. dxe5 Nd7 14. Ne4 f5 15. exf6 N5xf6 16. Nxf6 Rxf6 17. Ng5 Ne5 18. Qh4 Rh6 19. Qg3 Rg6 20. Qxe5 Bxg5 21. g3 Qf8 22. Be2 Be7 23. Be3 Bd5 24. Qh5 Bc5 25. Bd3 Bf3 26. Qh4 Be7 27. Qf4 Rf6 28. Qa4 Bd5 29. Be4 Bc5 30. Bxd5 exd5 31. Bd4 Rf7 32. Rad1 Qd6 33. Rfe1 Raf8 34. Re2 h6 35. Rde1 b5 36. Qd1 Bb4 37. Re6 Qd7 38. Rxh6+ Kg8 39. Ree6 gxh6 40. Rg6+ Kh7 41. Qh5 Bd2 42. f4 1-0

[Event "FRA-chT1B 0809"]
[Site "France"]
[Date "2009.02.07"]
[Round "6.1"]
[White "Vallin, Guillaume"]
[Black "Rabeyrin, Jean Jacques"]
[Result "1-0"]
[WhiteElo "2415"]
[BlackElo "2269"]
[PlyCount "95"]
[EventDate "2008.10.19"]
[EventType "team-tourn"]
[EventRounds "11"]
[EventCountry "FRA"]
[SourceTitle "EXT 2010"]
[Source "ChessBase"]
[SourceDate "2010.11.25"]
[SourceVersion "1"]
[SourceVersionDate "2010.11.25"]
[SourceQuality "1"]
[WhiteTeam "Gonfreville"]
[BlackTeam "Vincennes"]
[WhiteTeamCountry "FRA"]
[BlackTeamCountry "FRA"]

1. d4 d5 2. c4 c6 3. Nc3 Nf6 4. e3 e6 5. Nf3 Nbd7 6. Bd3 dxc4 7. Bxc4 b5 8. Bd3 a6 9. a4 Bb7 10. Qe2 Be7 11. 0-0 0-0 12. Rd1 b4 13. Ne4 Qa5 14. Nfd2 c5 15. Nb3 Qb6 16. Nbxc5 Bxc5 17. dxc5 Qc6 18. f3 Nxc5 19. Nxc5 Qxc5 20. Kh1 a5 21. e4 Rfd8 22. Be3 Qh5 23. Bb5 h6 24. Rxd8+ Rxd8 25. Bb6 Ra8 26. Rc1 Ne8 27. Qd3 Qg5 28. Rd1 Nf6 29. Qd2 Qh5 30. Rc1 Ba6 31. Rc5 e5 32. Bxa6 Rxa6 33. Rxa5 Rxa5 34. Bxa5 b3 35. Bc3 Qh4 36. a5 Nxe4 37. fxe4 Qxe4 38. h3 f6 39. a6 Qa4 40. Qd5+ Kh7 41. Qb7 Qf4 42. a7 Qf1+ 43. Kh2 Qf4+ 44. Kg1 Qe3+ 45. Kf1 Qd3+ 46. Kf2 Qc2+ 47. Kg3 Qc1 48. Qe4+ 1-0

[Event "FRA-chT1B 0809"]
[Site "France"]
[Date "2008.11.23"]
[Round "3.3"]
[White "Rabeyrin, Jean Jacques"]
[Black "Tranchant, Sebastien"]
[Result "1-0"]
[WhiteElo "2269"]
[BlackElo "2267"]
[PlyCount "129"]
[EventDate "2008.10.19"]
[EventType "team-tourn"]
[EventRounds "11"]
[EventCountry "FRA"]
[SourceTitle "EXT 2010"]
[Source "ChessBase"]
[SourceDate "2010.11.25"]
[SourceVersion "1"]
[SourceVersionDate "2010.11.25"]
[SourceQuality "1"]
[WhiteTeam "Vincennes"]
[BlackTeam "Niort"]
[WhiteTeamCountry "FRA"]
[BlackTeamCountry "FRA"]

1. e4 c5 2. Nf3 g6 3. d4 cxd4 4. Nxd4 Nc6 5. Nc3 Bg7 6. Be3 Nf6 7. Nxc6 bxc6 8. e5 Nd5 9. Nxd5 cxd5 10. Qxd5 Rb8 11. Bc4 0-0 12. 0-0 Bb7 13. Qd4 d6 14. f4 Qc7 15. Bb3 dxe5 16. fxe5 Bxe5 17. Qh4 e6 18. c3 Rbd8 19. Rad1 a6 20. Kh1 Bg7 21. Qf2 Rxd1 22. Bxd1 Bd5 23. Bb3 Bc6 24. Bf4 Qb7 25. Rd1 a5 26. Qc2 Be4 27. Qe2 Bc6 28. Bc4 a4 29. Qc2 Be4 30. Bd3 Bf3 31. Rf1 Bc6 32. Rf2 Rc8 33. c4 e5 34. Bc1 Kh8 35. c5 f5 36. Bf1 Qb4 37. Bd2 Qd4 38. Be1 Be4 39. Qd2 Qxc5 40. b3 axb3 41. axb3 h6 42. Bc4 Re8 43. Qd1 Kh7 44. Rd2 Qe3 45. Bf2 Qc3 46. Rd8 Rxd8 47. Qxd8 Qc1+ 48. Bg1 h5 49. h4 Qf4 50. Bf2 Qg4 51. Bf1 Bc6 52. Qd6 Qe4 53. Kg1 Qc2 54. Bc4 Be4 55. Qd8 Qc1+ 56. Kh2 Qf4+ 57. Kg1 Qg4 58. Bf1 Bc2 59. Qd5 Qb4 60. Bc4 Qc3 61. Qd8 Qa1+ 62. Kh2 Qc1 63. Bc5 Bd1 64. Be7 Qf4+ 65. Kh1 1-0

[Event "FRA-ch Accession"]
[Site "Pau"]
[Date "2008.08.20"]
[Round "8"]
[White "Heinis, Vincent"]
[Black "Rabeyrin, Jean Jacques"]
[Result "0-1"]
[WhiteElo "2116"]
[BlackElo "2302"]
[PlyCount "68"]
[EventDate "2008.08.11"]
[EventType "swiss"]
[EventRounds "9"]
[EventCountry "FRA"]
[SourceTitle "CBM 126 Extra"]
[Source "ChessBase"]
[SourceDate "2008.11.05"]
[SourceVersion "1"]
[SourceVersionDate "2008.11.05"]
[SourceQuality "1"]

1. d4 d5 2. c4 c6 3. Nf3 Nf6 4. Nc3 e6 5. Bg5 h6 6. Bh4 dxc4 7. e4 Be7 8. Bxf6 Bxf6 9. e5 Be7 10. Bxc4 Nd7 11. Qe2 Nb6 12. Bd3 Nd5 13. Qe4 Nb4 14. Bb1 b6 15. 0-0 Ba6 16. Re1 Qd7 17. a3 Nd5 18. h4 0-0-0 19. Ne2 g5 20. h5 f5 21. exf6 Nxf6 22. Qc2 Bd6 23. Qg6 Nd5 24. Ng3 Nf4 25. Qe4 Bc4 26. Ba2 Bd5 27. Bxd5 cxd5 28. Qe3 Kb7 29. Rec1 Rc8 30. Rxc8 Rxc8 31. Rc1 Rxc1+ 32. Qxc1 Qb5 33. Qc2 Qd3 34. Qc1 g4 0-1

[Event "Pardubice Chladek&Tintera op-A 19th"]
[Site "Pardubice"]
[Date "2008.07.18"]
[Round "1"]
[White "Rabeyrin, Jean Jacques"]
[Black "Dziuba, Marcin"]
[Result "0-1"]
[WhiteElo "2302"]
[BlackElo "2570"]
[PlyCount "76"]
[EventDate "2008.07.18"]
[EventType "swiss"]
[EventRounds "9"]
[EventCountry "CZE"]
[SourceTitle "CBM 125 Extra"]
[Source "ChessBase"]
[SourceDate "2008.09.01"]
[SourceVersion "1"]
[SourceVersionDate "2008.09.01"]
[SourceQuality "1"]

1. e4 c6 2. d4 d5 3. Nc3 dxe4 4. Nxe4 Bf5 5. Ng3 Bg6 6. h4 h6 7. Nf3 Nd7 8. h5 Bh7 9. Bd3 Bxd3 10. Qxd3 e6 11. Bd2 Ngf6 12. 0-0-0 Be7 13. Ne4 Nxe4 14. Qxe4 Nf6 15. Qe2 Qd5 16. c4 Qe4 17. Qxe4 Nxe4 18. Be3 f5 19. g3 Bg5 20. Bxg5 hxg5 21. Rh2 Rd8 22. g4 fxg4 23. Ne5 Nf6 24. Kc2 Rxh5 25. Rxh5 Nxh5 26. Nxg4 Ke7 27. c5 Nf4 28. Kc3 Rh8 29. Kc4 Rh3 30. a4 Rf3 31. a5 a6 32. Rd2 Ng6 33. Re2 Rf4 34. Ne3 Nh4 35. Kc3 Kf6 36. Nc4 Nf3 37. Nd6 Nxd4 38. Ne4+ Ke5 0-1

[Event "Paris-ch op"]
[Site "Paris"]
[Date "2008.07.06"]
[Round "9"]
[White "Rabeyrin, Jean Jacques"]
[Black "Maisuradze, Nino"]
[Result "0-1"]
[WhiteElo "2303"]
[BlackElo "2267"]
[PlyCount "78"]
[EventDate "2008.06.28"]
[EventType "swiss"]
[EventRounds "9"]
[EventCountry "FRA"]
[SourceTitle "CBM 125 Extra"]
[Source "ChessBase"]
[SourceDate "2008.09.01"]
[SourceVersion "1"]
[SourceVersionDate "2008.09.01"]
[SourceQuality "1"]

1. e4 c5 2. Nf3 Nc6 3. d4 cxd4 4. Nxd4 e5 5. Nb5 d6 6. Be3 a6 7. N5c3 Nf6 8. Bg5 Be7 9. Bxf6 Bxf6 10. Nd2 Be6 11. Nc4 Nd4 12. Bd3 0-0 13. 0-0 g6 14. Ne3 Bg7 15. Ncd5 f5 16. c3 fxe4 17. Bxe4 Nf5 18. Qd3 Rf7 19. Rad1 Qh4 20. g3 Qh6 21. a4 Raf8 22. Bg2 Kh8 23. b4 Qg5 24. b5 axb5 25. axb5 h5 26. h4 Qh6 27. b6 g5 28. hxg5 Qxg5 29. Nc7 Bc8 30. Nxf5 Rxf5 31. Qxd6 h4 32. Rd3 R5f6 33. Qb4 h3 34. Bd5 Rxf2 35. Rfd1 Bg4 36. Re1 h2+ 37. Kh1 Rf1+ 38. Rxf1 Rxf1+ 39. Kxh2 Qh5+ 0-1

[Event "Paris-ch op"]
[Site "Paris"]
[Date "2008.07.05"]
[Round "8"]
[White "Roos, Louis"]
[Black "Rabeyrin, Jean Jacques"]
[Result "0-1"]
[WhiteElo "2357"]
[BlackElo "2303"]
[PlyCount "100"]
[EventDate "2008.06.28"]
[EventType "swiss"]
[EventRounds "9"]
[EventCountry "FRA"]
[SourceTitle "EXT 2009"]
[Source "ChessBase"]
[SourceDate "2008.11.26"]
[SourceVersion "1"]
[SourceVersionDate "2008.11.26"]
[SourceQuality "1"]

1. c4 c6 2. e4 d5 3. exd5 cxd5 4. cxd5 Nf6 5. Qa4+ Nbd7 6. Nc3 g6 7. Bb5 Bg7 8. Nf3 0-0 9. Bxd7 Bxd7 10. Qb3 Rb8 11. d4 b5 12. Bf4 Rb6 13. a3 a5 14. Ne5 b4 15. Nxd7 Qxd7 16. axb4 axb4 17. Be5 Rb7 18. Na4 Qxd5 19. Qxd5 Nxd5 20. Bxg7 Kxg7 21. Ke2 Rd8 22. g3 Rb5 23. Rhc1 Ra5 24. Nc5 Rda8 25. Nb3 R5a7 26. Kd3 Kf6 27. Rxa7 Rxa7 28. Ra1 Rc7 29. Nd2 e6 30. Nc4 Ke7 31. Ra6 h5 32. h4 Kf6 33. Ra8 Rxc4 34. Kxc4 Nb6+ 35. Kxb4 Nxa8 36. Kc5 Nc7 37. b4 Ke7 38. Kc6 Nd5 39. b5 f6 40. f4 Nb4+ 41. Kc5 Nd5 42. Kc6 f5 43. b6 Nxb6 44. Kxb6 Kd6 45. Kb7 Kd5 46. Kc7 Kxd4 47. Kd6 Ke4 48. Kxe6 Kf3 49. Kf6 Kxg3 50. Kxg6 Kg4 0-1

[Event "Paris-ch op"]
[Site "Paris"]
[Date "2008.07.01"]
[Round "4"]
[White "Song, Julien"]
[Black "Rabeyrin, Jean Jacques"]
[Result "0-1"]
[WhiteElo "2214"]
[BlackElo "2303"]
[PlyCount "124"]
[EventDate "2008.06.28"]
[EventType "swiss"]
[EventRounds "9"]
[EventCountry "FRA"]
[SourceTitle "EXT 2009"]
[Source "ChessBase"]
[SourceDate "2008.11.26"]
[SourceVersion "1"]
[SourceVersionDate "2008.11.26"]
[SourceQuality "1"]

1. d4 d5 2. Nf3 c6 3. c4 Nf6 4. Qb3 e6 5. Bg5 Be7 6. Nc3 dxc4 7. Qxc4 b5 8. Qb3 Nbd7 9. g3 a5 10. Bg2 0-0 11. 0-0 b4 12. Ne5 Nxe5 13. dxe5 Nd5 14. Bxe7 Qxe7 15. Ne4 Ba6 16. Rfe1 Bb5 17. Nd6 a4 18. Qc2 a3 19. b3 Nc3 20. Ne4 Nxe4 21. Bxe4 h6 22. Rac1 Rac8 23. Bh7+ Kh8 24. Bd3 Bxd3 25. Qxd3 Rfd8 26. Qe3 Rd5 27. Rc4 Qb7 28. Rec1 Rcd8 29. f3 Rd2 30. R1c2 Rxc2 31. Rxc2 Rd1+ 32. Kg2 Qd7 33. Qf4 Rd4 34. Qc1 Qd5 35. Rc5 Rd1 36. Qc4 Qxc4 37. Rxc4 Rd2 38. Kf2 Rxa2 39. Rxb4 Rb2 40. h4 g6 41. Rc4 a2 42. Ra4 c5 43. Ra7 Kg7 44. g4 Kf8 45. g5 hxg5 46. hxg5 Ke8 47. f4 Kd8 48. Ke3 Rxb3+ 49. Kd2 Rb2+ 50. Kd3 c4+ 51. Kxc4 Rxe2 52. Kd3 Rh2 53. Kd4 Kc8 54. Kc5 Rd2 55. Kc6 Kd8 56. Kc5 Ke8 57. Ra8+ Ke7 58. Ra7+ Kf8 59. Ra8+ Kg7 60. Kc6 Rf2 61. Kd6 Rxf4 62. Rxa2 Rg4 0-1

[Event "Paris-ch op"]
[Site "Paris"]
[Date "2008.06.29"]
[Round "2"]
[White "Malakhatko, Vadim"]
[Black "Rabeyrin, Jean Jacques"]
[Result "1-0"]
[WhiteElo "2621"]
[BlackElo "2303"]
[PlyCount "69"]
[EventDate "2008.06.28"]
[EventType "swiss"]
[EventRounds "9"]
[EventCountry "FRA"]
[SourceTitle "CBM 125 Extra"]
[Source "ChessBase"]
[SourceDate "2008.09.01"]
[SourceVersion "1"]
[SourceVersionDate "2008.09.01"]
[SourceQuality "1"]

1. c4 c6 2. d4 d5 3. Nc3 Nf6 4. e3 e6 5. Nf3 Nbd7 6. Bd3 dxc4 7. Bxc4 b5 8. Bd3 a6 9. e4 c5 10. d5 c4 11. Bc2 Qc7 12. 0-0 Bb7 13. Qe2 Bd6 14. dxe6 fxe6 15. Nd4 Nc5 16. f4 e5 17. Ndxb5 axb5 18. Nxb5 Qb6 19. Nxd6+ Qxd6 20. fxe5 Qxe5 21. Rf5 Qe7 22. Qxc4 Ncxe4 23. Qb5+ Qd7 24. Re5+ Kd8 25. Qb6+ Qc7 26. Qxc7+ Kxc7 27. Re7+ Kc8 28. Bf4 g5 29. Bxe4 Bxe4 30. Bxg5 Rg8 31. Rc1+ Kd8 32. Bxf6 Rxg2+ 33. Kf1 Rg6 34. Bh4 Bg2+ 35. Kf2 1-0

[Event "Budapest FS06 IM"]
[Site "Budapest"]
[Date "2008.06.19"]
[Round "13"]
[White "Lyell, Mark"]
[Black "Rabeyrin, Jean Jacques"]
[Result "1-0"]
[WhiteElo "2237"]
[BlackElo "2303"]
[PlyCount "73"]
[EventDate "2008.06.07"]
[EventType "tourn"]
[EventRounds "13"]
[EventCountry "HUN"]
[EventCategory "2"]
[SourceTitle "CBM 124 Extra"]
[Source "ChessBase"]
[SourceDate "2008.07.03"]
[SourceVersion "1"]
[SourceVersionDate "2008.07.03"]
[SourceQuality "1"]

1. e4 c5 2. c3 Nf6 3. e5 Nd5 4. Nf3 e6 5. d4 cxd4 6. cxd4 d6 7. Bc4 Nb6 8. Bd3 Nc6 9. a3 Qc7 10. Bf4 Nd5 11. Bg3 dxe5 12. dxe5 g6 13. Nbd2 Bg7 14. Rc1 0-0 15. 0-0 Bd7 16. Re1 Rac8 17. Be4 Nb6 18. Nc4 Nxc4 19. Rxc4 Qd8 20. Qd2 Rc7 21. Rd1 Nb8 22. Rd4 Qc8 23. Bh4 Re8 24. Bf6 h6 25. Qf4 Rc4 26. Rxc4 Qxc4 27. Bxg7 Kxg7 28. Qf6+ Kg8 29. Bxg6 fxg6 30. Qxg6+ Kf8 31. Qxh6+ Kg8 32. Rd4 Qxd4 33. Qg6+ Kf8 34. Qf6+ Kg8 35. Nxd4 Nc6 36. Nxc6 Bxc6 37. h4 1-0

[Event "Budapest FS06 IM"]
[Site "Budapest"]
[Date "2008.06.15"]
[Round "9"]
[White "Chapman, Terry PD"]
[Black "Rabeyrin, Jean Jacques"]
[Result "1-0"]
[WhiteElo "2263"]
[BlackElo "2303"]
[PlyCount "65"]
[EventDate "2008.06.07"]
[EventType "tourn"]
[EventRounds "13"]
[EventCountry "HUN"]
[EventCategory "2"]
[SourceTitle "CBM 124 Extra"]
[Source "ChessBase"]
[SourceDate "2008.07.03"]
[SourceVersion "1"]
[SourceVersionDate "2008.07.03"]
[SourceQuality "1"]

1. Nf3 d5 2. g3 Nf6 3. Bg2 c6 4. 0-0 Bg4 5. h3 Bh5 6. b3 e6 7. Bb2 Be7 8. d3 0-0 9. Nbd2 a5 10. a3 b5 11. e4 dxe4 12. dxe4 Qb6 13. Qe1 Na6 14. Ne5 Rfd8 15. Kh1 Nd7 16. g4 Nxe5 17. Bxe5 Bg6 18. f4 f6 19. Bb2 Ra7 20. Nf3 Rad7 21. f5 exf5 22. gxf5 Bh5 23. e5 c5 24. Rg1 Nc7 25. e6 Rd5 26. Qe4 Be8 27. Nh4 Bc6 28. Bf3 Ne8 29. Raf1 R8d6 30. Qg4 Qb7 31. Qh5 Rd8 32. Qf7+ Kh8 33. Bxf6 1-0

[Event "Budapest FS06 IM"]
[Site "Budapest"]
[Date "2008.06.10"]
[Round "4"]
[White "Farago, Sandor"]
[Black "Rabeyrin, Jean Jacques"]
[Result "0-1"]
[WhiteElo "2240"]
[BlackElo "2303"]
[PlyCount "103"]
[EventDate "2008.06.07"]
[EventType "tourn"]
[EventRounds "13"]
[EventCountry "HUN"]
[EventCategory "2"]
[SourceTitle "CBM 124 Extra"]
[Source "ChessBase"]
[SourceDate "2008.07.03"]
[SourceVersion "1"]
[SourceVersionDate "2008.07.03"]
[SourceQuality "1"]

1. e4 c5 2. Nf3 d6 3. d4 cxd4 4. Nxd4 Nf6 5. Nc3 a6 6. Bc4 e6 7. Bb3 b5 8. a3 Be7 9. Be3 0-0 10. f3 Bb7 11. Qe2 Nc6 12. 0-0-0 Qc7 13. Kb1 Rab8 14. g4 Nd7 15. Nxe6 fxe6 16. Bxe6+ Kh8 17. Nd5 Qd8 18. g5 Nc5 19. Bf5 Bxg5 20. f4 Bh6 21. Qh5 Qe8 22. Qh3 Bc8 23. Rhg1 Qf7 24. Bxc8 Rbxc8 25. e5 Qe6 26. Qg2 Ne7 27. Nb6 Nf5 28. Bf2 Rcd8 29. Nd5 Qc8 30. Rge1 dxe5 31. Rxe5 Nb7 32. Rg1 Nbd6 33. Be1 Nc4 34. Ne7 Qd7 35. Nxf5 Rxf5 36. Rxf5 Qxf5 37. Bc3 Qf7 38. f5 Ne3 39. Qh3 Nxf5 40. Rf1 Rf8 41. Bb4 g6 42. Bxf8 Bxf8 43. Qc3+ Bg7 44. Qc8+ Qf8 45. Qxa6 Qe8 46. Rd1 h5 47. Qa5 Qe5 48. Qb4 Kh7 49. h4 Nd4 50. Qc3 Qf4 51. Qd3 Qxh4 52. Qe3 0-1

[Event "FRA-chT1B 0708"]
[Site "France"]
[Date "2007.12.16"]
[Round "5.4"]
[White "Rabeyrin, Jean Jacques"]
[Black "Monsieux, Sebastien"]
[Result "1-0"]
[WhiteElo "2314"]
[BlackElo "2081"]
[PlyCount "91"]
[EventDate "2007.10.21"]
[EventType "team"]
[EventRounds "11"]
[EventCountry "FRA"]
[SourceTitle "EXT 2009"]
[Source "ChessBase"]
[SourceDate "2008.11.26"]
[SourceVersion "1"]
[SourceVersionDate "2008.11.26"]
[SourceQuality "1"]
[WhiteTeam "Vincennes"]
[BlackTeam "Belfort"]
[WhiteTeamCountry "FRA"]
[BlackTeamCountry "FRA"]

1. e4 g6 2. d4 Bg7 3. Nc3 c6 4. Be3 Qb6 5. Bc4 Qxb2 6. Nge2 Qb4 7. Qd3 d6 8. 0-0 Nf6 9. Rab1 Qa5 10. f4 0-0 11. e5 Ne8 12. Qd2 Qc7 13. Bd3 Nd7 14. Ne4 Nb6 15. c4 Bf5 16. N2g3 Bxe4 17. Nxe4 dxe5 18. fxe5 Rd8 19. Rb3 Bh8 20. Rfb1 Bxe5 21. dxe5 Nxc4 22. Qe2 Nxe3 23. Qxe3 Qxe5 24. Rxb7 Nd6 25. R7b4 Nf5 26. Qe2 Rd4 27. Rxd4 Qxd4+ 28. Nf2 Qe3 29. Qxe3 Nxe3 30. Rb7 Rd8 31. Rxe7 Nd1 32. Bc4 Rd2 33. Rxf7 Kh8 34. Nxd1 Rxd1+ 35. Kf2 Rd4 36. Bb3 a5 37. Ra7 c5 38. Rxa5 c4 39. Ra4 Rd2+ 40. Ke3 Rxg2 41. Rxc4 Rxh2 42. Rc7 h5 43. Bd5 g5 44. Ke4 Rf2 45. Rf7 Rd2 46. Rf5 1-0

[Event "FRA-chT1B 0708"]
[Site "France"]
[Date "2007.10.21"]
[Round "1.4"]
[White "Lepan, Marvin"]
[Black "Rabeyrin, Jean Jacques"]
[Result "0-1"]
[WhiteElo "2190"]
[BlackElo "2314"]
[PlyCount "74"]
[EventDate "2007.10.21"]
[EventType "team"]
[EventRounds "11"]
[EventCountry "FRA"]
[SourceTitle "EXT 2009"]
[Source "ChessBase"]
[SourceDate "2008.11.26"]
[SourceVersion "1"]
[SourceVersionDate "2008.11.26"]
[SourceQuality "1"]
[WhiteTeam "Creteil"]
[BlackTeam "Vincennes"]
[WhiteTeamCountry "FRA"]
[BlackTeamCountry "FRA"]

1. Nf3 d5 2. g3 Nf6 3. Bg2 c6 4. c4 dxc4 5. Qc2 Qc7 6. Qxc4 e5 7. 0-0 Be6 8. Qc2 Nbd7 9. b3 Bd6 10. d3 0-0 11. Nbd2 Nb6 12. Bb2 h6 13. d4 Nbd7 14. Nc4 Bxc4 15. Qxc4 Rfe8 16. Rac1 e4 17. Nh4 Nb6 18. Qc2 Nbd5 19. Nf5 Bf8 20. Rcd1 g6 21. Ne3 Nxe3 22. fxe3 Nd5 23. Bc1 Qe7 24. Bd2 h5 25. b4 Bh6 26. Qb3 a6 27. Rc1 h4 28. gxh4 Qxh4 29. Rc5 Rad8 30. Rc2 Bg5 31. a4 Qh6 32. Rc3 Re6 33. a5 Nxc3 34. Qxc3 Rd5 35. Qb3 Bd8 36. Be1 Bc7 37. h4 Rg5 0-1

[Event "FRA-chT1B 0607"]
[Site "France"]
[Date "2007.02.11"]
[Round "8.5"]
[White "Rabeyrin, Jean Jacques"]
[Black "Cordier, Arnaud"]
[Result "1-0"]
[WhiteElo "2283"]
[BlackElo "2151"]
[PlyCount "83"]
[EventDate "2006.10.15"]
[EventType "team"]
[EventRounds "11"]
[EventCountry "FRA"]
[SourceTitle "EXT 2008"]
[Source "ChessBase"]
[SourceDate "2007.11.25"]
[SourceVersion "1"]
[SourceVersionDate "2007.11.25"]
[SourceQuality "1"]
[WhiteTeam "Vincennes"]
[BlackTeam "Epinal"]
[WhiteTeamCountry "FRA"]
[BlackTeamCountry "FRA"]

1. e4 c5 2. Nf3 d6 3. d4 cxd4 4. Nxd4 Nf6 5. Nc3 g6 6. Be3 Bg7 7. f3 0-0 8. Qd2 Nc6 9. 0-0-0 Nxd4 10. Bxd4 Be6 11. h4 Qa5 12. Qg5 Qc7 13. h5 Rfc8 14. Bd3 Bc4 15. hxg6 hxg6 16. Qh4 e5 17. Be3 Nh5 18. Bxc4 Qxc4 19. g4 Nf4 20. Rh2 Qa6 21. Kb1 Rxc3 22. bxc3 Qb5+ 23. Ka1 Qc4 24. Qe1 Rd8 25. Rb1 b6 26. Bd2 Re8 27. Bc1 d5 28. Rb3 Rc8 29. Ba3 g5 30. Bb2 b5 31. Rd2 dxe4 32. Rb4 Qc6 33. Rxe4 Ne6 34. Qd1 Bf6 35. Re1 a5 36. Rh1 a4 37. a3 e4 38. Rd6 Qc4 39. fxe4 Bxc3 40. Qd3 Bxb2+ 41. Kxb2 Qc7 42. e5 1-0